Normal view MARC view

Entry Topical Term

Number of records used in: 1

001 - CONTROL NUMBER

  • control field: 6266

003 - CONTROL NUMBER IDENTIFIER

  • control field: OSt

005 - DATE AND TIME OF LATEST TRANSACTION

  • control field: 20190616110552.0

008 - FIXED-LENGTH DATA ELEMENTS

  • fixed length control field: 190616|| aca||aabn | a|a d

040 ## - CATALOGING SOURCE

  • Original cataloging agency: OSt
  • Transcribing agency: OSt

150 ## - HEADING--TOPICAL TERM

  • Topical term or geographic name entry element: Jurisprudence - Scottland

670 ## - SOURCE DATA FOUND

  • Source citation: Work cat.: (OSt): Maxwell, Douglas S.K. 6265, Broadening the human rights discourse , realising socio-economic rights, and balancing rights to property: moving beyond the rhetoric of socio- economic rights and Scottish land reform, 2019

Powered by Koha